[Event "EWICC 2019"]
[Site "Antalya"]
[Date "2019.04.19"]
[Round "8.32"]
[White "Abdulla, Khayala"]
[Black "Vega Gutierrez, Sabrina"]
[Result "1-0"]
[WhiteElo "2228"]
[BlackElo "2391"]
[Annotator "NA"]
[PlyCount "113"]
[EventDate "2019.04.11"]
[EventType "swiss"]
[EventCountry "TUR"]
[SourceTitle "playchess.com"]
[Source "ChessBase"]
[SourceQuality "1"]

1. e4 c5 2. Nf3 Nc6 3. Nc3 Nf6 4. Bb5 Qc7 5. O-O Nd4 6. Re1 a6 7. Bf1 Ng4 8. g3 Nxf3+ 9. Qxf3 Ne5 10. Qd1 e6 11. Bg2 Nc6 12. d3 Be7 13. f4 O-O 14. e5 d6 15. exd6 Bxd6 16. Ne4 Nd4 17. Be3 Bd7 18. c3 Nf5 19. Bf2 Be7 20. Qe2 Rad8 21. Bh3 Bb5 22. Rad1 b6 23. g4 Nd6 24. Ng3 c4 25. d4 Bh4 26. Nh5 Bxf2+ 27. Qxf2 Bc6 28. Re5 Be4 29. Re1 Bg6 30. Ng3 Bd3 31. Bg2 Ne8 32. Bf3 Nf6 33. Be2 Bxe2 34. Qxe2 Nd7 35. Re4 Nf6 36. Re5 Nd7 37. Re4 Nf6 38. Re5 Nd5 39. Qf3 f6 40. Rxe6 Nxf4 41. Re7 Nh3+ 42. Kg2 Qf4 43. Rxg7+ Kh8 44. Ree7 Qxf3+ 45. Kxf3 Ng5+ 46. Kg2 Rg8 47. Rxg8+ Kxg8 48. h4 Nf7 49. Re6 Nd6 50. Rxf6 b5 51. Kf3 a5 52. Nf5 Nxf5 53. Rxf5 Rb8 54. a3 b4 55. axb4 axb4 56. Rc5 Rf8+ 57. Kg3 1-0

[Event "EWICC 2019"]
[Site "Antalya"]
[Date "2019.04.19"]
[Round "8.33"]
[White "Rapport, Jovana"]
[Black "Worek, Joanna"]
[Result "1-0"]
[WhiteElo "2385"]
[BlackElo "2299"]
[Annotator "TA"]
[PlyCount "155"]
[EventDate "2019.04.11"]
[EventType "swiss"]
[EventCountry "TUR"]
[SourceTitle "playchess.com"]
[Source "ChessBase"]
[SourceQuality "1"]

1. d4 d5 2. c4 e6 3. Nc3 Bb4 4. Nf3 Nf6 5. Bg5 h6 6. Bxf6 Qxf6 7. Qa4+ Nc6 8. e3 Bd7 9. Qc2 a6 10. a3 Bxc3+ 11. Qxc3 O-O 12. Bd3 Rfe8 13. O-O dxc4 14. Bxc4 e5 15. d5 Na7 16. a4 Nc8 17. Nd2 Nd6 18. Bb3 c6 19. e4 Rac8 20. Qb4 Qg6 21. f3 Red8 22. dxc6 Bxc6 23. Rfd1 Bd7 24. Nf1 Bh3 25. Rd2 b5 26. Rad1 Nb7 27. axb5 Rxd2 28. Qxd2 axb5 29. Ne3 Be6 30. Bxe6 Qxe6 31. Qd7 Nc5 32. Qxb5 Nb3 33. Qd7 Qxd7 34. Rxd7 Rc1+ 35. Rd1 Rc7 36. Kf2 f6 37. Rd3 Nd4 38. b4 Rc1 39. Rd1 Rc3 40. Rb1 Nb5 41. Rb2 Rc1 42. Nd5 h5 43. h4 Kf7 44. Ra2 Rb1 45. Kg3 Rb3 46. Rc2 Rb1 47. Rc5 Nd4 48. Rc7+ Kg6 49. Rb7 Rb2 50. Ne7+ Kh7 51. Nf5 Ne2+ 52. Kh2 Nf4 53. Rxg7+ Kh8 54. b5 Rxb5 55. Ra7 Rb2 56. Ne3 Re2 57. Ra3 Re1 58. Ra8+ Kh7 59. Ra7+ Kh8 60. Nd5 Nxd5 61. exd5 Kg8 62. d6 Rd1 63. Rd7 Kf8 64. g4 hxg4 65. Rd8+ Kf7 66. fxg4 Rd2+ 67. Kg3 Rd3+ 68. Kf2 Rd4 69. h5 Rd2+ 70. Ke3 Rh2 71. Ke4 Ke6 72. Re8+ Kxd6 73. Kf5 Rf2+ 74. Kg6 Rf4 75. h6 Rxg4+ 76. Kxf6 Rh4 77. Kg6 Rh1 78. h7 1-0

[Event "EWICC 2019"]
[Site "Antalya"]
[Date "2019.04.19"]
[Round "8.34"]
[White "Mammadova, Gulnar"]
[Black "Maltsevskaya, Aleksandra"]
[Result "1-0"]
[WhiteElo "2349"]
[BlackElo "2296"]
[Annotator "NA"]
[PlyCount "105"]
[EventDate "2019.04.11"]
[EventType "swiss"]
[EventCountry "TUR"]
[SourceTitle "playchess.com"]
[Source "ChessBase"]
[SourceQuality "1"]

1. e4 c5 2. c3 d5 3. exd5 Qxd5 4. d4 Nf6 5. Nf3 Bg4 6. Nbd2 e6 7. Bc4 Qd8 8. Qa4+ Nbd7 9. Ne5 a6 10. Nxg4 Nxg4 11. Be2 Ngf6 12. Nf3 b5 13. Qc2 Bd6 14. O-O Qc7 15. dxc5 Bxc5 16. Bg5 O-O 17. Rad1 b4 18. Rd2 bxc3 19. bxc3 Rfc8 20. c4 Bb4 21. Rdd1 Bc5 22. Bh4 Qa5 23. Ng5 h6 24. Ne4 Nxe4 25. Qxe4 Ne5 26. Bg3 Ng6 27. h4 Ne7 28. Bd3 Nf5 29. Be5 h5 30. Qf4 Bf8 31. Rfe1 Qxa2 32. Qf3 Qa5 33. Qxh5 Rd8 34. Kf1 f6 35. Qg6 Ne7 36. Qh7+ Kf7 37. Qh5+ g6 38. Qf3 Bg7 39. h5 g5 40. h6 Bh8 41. Bc3 Qb6 42. Qh5+ Kf8 43. h7 Qc6 44. Kg1 e5 45. Be4 Qxc4 46. Bxa8 Rxa8 47. Bxe5 Qf7 48. Qf3 Ra7 49. Bb8 Ng6 50. Bxa7 Qxa7 51. Qf5 Ne7 52. Qe6 Qc7 53. Rd7 1-0

[Event "EWICC 2019"]
[Site "Antalya"]
[Date "2019.04.19"]
[Round "8.35"]
[White "Beydullayeva, Govhar"]
[Black "Yildiz Kadioglu, Betul Cemre"]
[Result "1/2-1/2"]
[WhiteElo "2316"]
[BlackElo "2281"]
[Annotator "TA"]
[PlyCount "222"]
[EventDate "2019.04.11"]
[EventType "swiss"]
[EventCountry "TUR"]
[SourceTitle "playchess.com"]
[Source "ChessBase"]
[SourceQuality "1"]

1. c4 c5 2. Nf3 Nf6 3. Nc3 d5 4. cxd5 Nxd5 5. d4 Nxc3 6. bxc3 e6 7. e4 cxd4 8. cxd4 Nc6 9. Bc4 Bb4+ 10. Bd2 Qa5 11. Rb1 Bxd2+ 12. Qxd2 Qxd2+ 13. Kxd2 O-O 14. Rhc1 Na5 15. Bb5 b6 16. Ke3 Bb7 17. Bd7 Rfd8 18. Rc7 Ba6 19. Ne5 Bc8 20. Bxc8 Rdxc8 21. Rbc1 Rxc7 22. Rxc7 b5 23. Nxf7 Nc4+ 24. Ke2 h6 25. Rd7 Nb6 26. Rb7 Rc8 27. Rxa7 Rc2+ 28. Kf3 Nc4 29. Nd8 e5 30. dxe5 Nxe5+ 31. Kg3 Nd3 32. Ne6 Nxf2 33. Rxg7+ Kh8 34. Kf3 Nd3 35. Rb7 Rxa2 36. Rxb5 Ne1+ 37. Kf4 Rxg2 38. Kf5 Rxh2 39. Kg6 Rg2+ 40. Kxh6 Kg8 41. Rf5 Rh2+ 42. Kg6 Rg2+ 43. Kf6 Nd3 44. Rd5 Rf2+ 45. Ke7 Rf7+ 46. Ke8 Rf6 47. Rg5+ Kh7 48. Ke7 Rf1 49. Rd5 Nb4 50. Rb5 Nd3 51. Nf8+ Kh6 52. Nd7 Nf4 53. Nf6 Ra1 54. Nd5 Ng6+ 55. Ke6 Ra4 56. Kf5 Nh4+ 57. Kf4 Ng6+ 58. Ke3 Ra3+ 59. Kd4 Ra4+ 60. Nb4 Ne7 61. Kc5 Ng6 62. Kd6 Ra1 63. Nd5 Ra4 64. e5 Ra6+ 65. Nb6 Nxe5 66. Kxe5 Kg5 67. Rb1 Kg4 68. Nd5 Ra5 69. Rb8 Kf3 70. Rh8 Kg4 71. Rf8 Kg3 72. Ke4 Ra4+ 73. Kd3 Ra3+ 74. Nc3 Kg4 75. Kd4 Ra7 76. Rf1 Ra8 77. Nd5 Ra4+ 78. Ke5 Ra5 79. Rf4+ Kg3 80. Rd4 Ra8 81. Rd3+ Kf2 82. Nf6 Ke2 83. Rh3 Kd2 84. Ne4+ Ke2 85. Nd6 Kd2 86. Kd4 Ke2 87. Re3+ Kf1 88. Ke4 Kf2 89. Rf3+ Ke2 90. Re3+ Kf2 91. Rc3 Ra4+ 92. Nc4 Ra8 93. Rf3+ Ke2 94. Rf5 Re8+ 95. Ne5 Ra8 96. Nc6 Re8+ 97. Kd5 Ke3 98. Rf1 Rh8 99. Ra1 Rh5+ 100. Ne5 Kd2 101. Ra3 Kc2 102. Rg3 Kb2 103. Kd4 Rh4+ 104. Kd3 Rh8 105. Kd2 Rh2+ 106. Kd3 Rh8 107. Nc6 Rc8 108. Rg2+ Ka3 109. Rc2 Rh8 110. Kc4 Rc8 111. Rc3+ Kb2 1/2-1/2

[Event "EWICC 2019"]
[Site "Antalya"]
[Date "2019.04.19"]
[Round "8.36"]
[White "Styazhkina, Anna"]
[Black "Garcia Martin, Marta"]
[Result "1/2-1/2"]
[WhiteElo "2274"]
[BlackElo "2315"]
[Annotator "NA"]
[PlyCount "109"]
[EventDate "2019.04.11"]
[EventType "swiss"]
[EventCountry "TUR"]
[SourceTitle "playchess.com"]
[Source "ChessBase"]
[SourceQuality "1"]

1. e4 e5 2. Nf3 Nc6 3. Bc4 Nf6 4. d3 Be7 5. Nc3 d6 6. a3 O-O 7. Be3 Nd7 8. O-O Nb6 9. Ba2 Kh8 10. d4 Bg4 11. d5 Nd4 12. Bxd4 exd4 13. Qxd4 Bxf3 14. gxf3 f5 15. Ne2 Bf6 16. Qb4 a5 17. Qb5 f4 18. Kh1 Be5 19. Rg1 Qh4 20. Rg2 Qh5 21. Rg4 Rf6 22. Rag1 Qh3 23. Qd3 Nd7 24. Nc3 Rh6 25. R1g2 Bf6 26. Qd1 g5 27. Nb1 Ne5 28. Nd2 Rf8 29. Bc4 Qh5 30. c3 Be7 31. Be2 Bf6 32. Nc4 Nxg4 33. fxg4 Qe8 34. f3 b6 35. a4 Rh4 36. Nd2 h5 37. Bb5 Qe7 38. Qg1 Rf7 39. gxh5 Rh7 40. Nb3 R4xh5 41. Bd3 R7h6 42. Nc1 Rh3 43. Qf2 Qe8 44. Bb5 Qh5 45. Be2 Rg3 46. Nd3 Qh4 47. Bf1 Kg7 48. Be2 Kf8 49. Qf1 Rh3 50. Qg1 Rg3 51. Nf2 Rxg2 52. Qxg2 Rh8 53. Kg1 Ke7 54. Bb5 Kd8 55. Bc6 1/2-1/2

[Event "EWICC 2019"]
[Site "Antalya"]
[Date "2019.04.19"]
[Round "8.37"]
[White "Injac, Teodora"]
[Black "Gajcin, Marina"]
[Result "0-1"]
[WhiteElo "2310"]
[BlackElo "2247"]
[Annotator "TA"]
[PlyCount "120"]
[EventDate "2019.04.11"]
[EventType "swiss"]
[EventCountry "TUR"]
[SourceTitle "playchess.com"]
[Source "ChessBase"]
[SourceQuality "1"]

1. Nf3 Nf6 2. c4 g6 3. Nc3 c5 4. d4 cxd4 5. Nxd4 Nc6 6. g3 d6 7. Bg2 Bd7 8. O-O Bg7 9. e3 O-O 10. b3 Nxd4 11. exd4 d5 12. Nxd5 Nxd5 13. cxd5 a5 14. Bg5 Ra6 15. Qd2 Re8 16. Rac1 Qb6 17. Rc5 a4 18. b4 a3 19. Rb1 Ra4 20. Be3 Bf8 21. Qc3 Bf5 22. Rb3 e6 23. dxe6 fxe6 24. h3 Bxc5 25. bxc5 Qa6 26. g4 Rc4 27. Qa1 Bc2 28. Rxb7 Ba4 29. Rb6 Qa5 30. d5 Rxc5 31. Bxc5 Qxc5 32. Rxe6 Rxe6 33. dxe6 Qd6 34. Qf6 Qd1+ 35. Kh2 Qd6+ 36. Kg1 Be8 37. h4 h6 38. g5 hxg5 39. Qxg5 Kg7 40. Qd5 Qf4 41. Qg5 Qf6 42. Bd5 Bb5 43. Qg3 Qa1+ 44. Kh2 Qd4 45. Bb3 Qc5 46. Qf4 Be8 47. Kg3 Qc3+ 48. Qe3 Qc7+ 49. f4 Qe7 50. Qe5+ Kh7 51. f5 gxf5 52. Qxf5+ Bg6 53. Qe5 Qa7 54. Kf3 Qa8+ 55. Bd5 Qf8+ 56. Qf4 Qc5 57. Qc4 Qf8+ 58. Ke3 Qd6 59. Qd4 Qg3+ 60. Bf3 Qg1+ 0-1

[Event "EWICC 2019"]
[Site "Antalya"]
[Date "2019.04.19"]
[Round "8.38"]
[White "Protopopova, Anastasiya"]
[Black "Semenova, Elena"]
[Result "0-1"]
[WhiteElo "2308"]
[BlackElo "2216"]
[Annotator "NA"]
[PlyCount "80"]
[EventDate "2019.04.11"]
[EventType "swiss"]
[EventCountry "TUR"]
[SourceTitle "playchess.com"]
[Source "ChessBase"]
[SourceQuality "1"]

1. c4 e6 2. Nf3 d5 3. d4 Nf6 4. g3 Be7 5. Bg2 O-O 6. O-O dxc4 7. Qc2 a6 8. a4 Bd7 9. Rd1 Bc6 10. Bg5 Be4 11. Qxc4 Nc6 12. Nc3 Bc2 13. Rdc1 Na5 14. Qa2 Bb3 15. Qb1 h6 16. Bf4 c5 17. dxc5 Rc8 18. c6 bxc6 19. Rf1 Nd5 20. Qe4 Qb6 21. Be5 f6 22. Bh3 f5 23. Qb1 Nb4 24. Rc1 Nc4 25. Nd1 Rfd8 26. g4 Nxe5 27. Nxe5 Bg5 28. e3 Bf6 29. Nc4 Rxd1+ 30. Rxd1 Bxc4 31. gxf5 e5 32. Rd7 Rd8 33. a5 Qb8 34. Rxd8+ Qxd8 35. Qe4 Qd5 36. Qg4 e4 37. Bg2 Bd3 38. f3 Nc2 39. Ra4 Bb5 40. fxe4 Qd2 0-1

[Event "EWICC 2019"]
[Site "Antalya"]
[Date "2019.04.19"]
[Round "8.39"]
[White "Kusenkova, Natallia"]
[Black "Tomilova, Elena"]
[Result "1/2-1/2"]
[WhiteElo "2211"]
[BlackElo "2307"]
[Annotator "NA"]
[PlyCount "100"]
[EventDate "2019.04.11"]
[EventType "swiss"]
[EventCountry "TUR"]
[SourceTitle "playchess.com"]
[Source "ChessBase"]
[SourceQuality "1"]

1. d4 Nf6 2. c4 e6 3. Nf3 d5 4. g3 dxc4 5. Bg2 Bd7 6. Qc2 Bc6 7. Qxc4 Bd5 8. Qa4+ Nbd7 9. Nc3 Bc6 10. Qc2 b5 11. O-O b4 12. Nb1 Be4 13. Qa4 Be7 14. Nbd2 Bd5 15. Ne5 O-O 16. Nc6 Nb6 17. Qc2 Qd6 18. Nxe7+ Qxe7 19. e4 Bb7 20. Nb3 Nbd7 21. Na5 Rab8 22. Nxb7 Rxb7 23. e5 Nd5 24. Bxd5 exd5 25. Qc6 Rb6 26. Qxd5 Rg6 27. a3 b3 28. Qxb3 Rb8 29. Qc3 Nb6 30. Qc5 Qd7 31. d5 Nxd5 32. Qxa7 Rgb6 33. Qa5 Qe6 34. Re1 h5 35. Qd2 h4 36. b4 Rc6 37. Bb2 Nb6 38. Re4 h3 39. Qe2 Rd8 40. Bd4 Qb3 41. Bxb6 cxb6 42. Re3 Qd5 43. Qf1 Rc2 44. Qxh3 Rxf2 45. Kxf2 Qd2+ 46. Re2 Qd4+ 47. Kg2 Qd5+ 48. Kf2 Qd4+ 49. Kg2 Qd5+ 50. Kf2 Qd4+ 1/2-1/2

[Event "EWICC 2019"]
[Site "Antalya"]
[Date "2019.04.19"]
[Round "8.40"]
[White "Lubbe, Melanie"]
[Black "Radeva, Viktoria"]
[Result "1-0"]
[WhiteElo "2304"]
[BlackElo "2192"]
[Annotator "NA"]
[PlyCount "74"]
[EventDate "2019.04.11"]
[EventType "swiss"]
[EventCountry "TUR"]
[SourceTitle "playchess.com"]
[Source "ChessBase"]
[SourceQuality "1"]

1. Nf3 d5 2. g3 c6 3. Bg2 Bg4 4. c4 e6 5. O-O Nd7 6. cxd5 exd5 7. Nc3 Ngf6 8. d3 Bd6 9. Qc2 O-O 10. e4 Re8 11. Nh4 dxe4 12. dxe4 Nc5 13. h3 Bd7 14. Be3 Qc7 15. Rad1 Rad8 16. b4 Ne6 17. a3 Bc8 18. f4 Nh5 19. e5 Bxe5 20. fxe5 Rxd1 21. Rxd1 Qxe5 22. Bf2 Nxg3 23. Re1 Qf4 24. Nf3 Rd8 25. Bxa7 Qc4 26. Bf2 Nh5 27. Ne5 Qf4 28. Qe4 Qd2 29. Qf3 Nhf4 30. Rd1 Qxc3 31. Rxd8+ Nxd8 32. Qxf4 Qxa3 33. Bb6 f6 34. Nc4 Qa1+ 35. Kh2 Qd1 36. Qc7 Be6 37. Nd6 h6 1-0

[Event "EWICC 2019"]
[Site "Antalya"]
[Date "2019.04.19"]
[Round "8.41"]
[White "Petrenko, Svetlana"]
[Black "Exler, Veronika"]
[Result "1-0"]
[WhiteElo "2155"]
[BlackElo "2289"]
[Annotator "NA"]
[PlyCount "139"]
[EventDate "2019.04.11"]
[EventType "swiss"]
[EventCountry "TUR"]
[SourceTitle "playchess.com"]
[Source "ChessBase"]
[SourceQuality "1"]

1. e4 d5 2. e5 c5 3. f4 Nc6 4. Nf3 Bg4 5. Be2 f6 6. exf6 exf6 7. O-O Bd6 8. Nh4 Bxe2 9. Qxe2+ Qe7 10. Qh5+ Qf7 11. Nf5 Qxh5 12. Nxg7+ Kf7 13. Nxh5 Nd4 14. Na3 c4 15. c3 Ne2+ 16. Kh1 Kg6 17. g4 f5 18. Nb5 Bc5 19. Nc7 Rc8 20. Nxd5 fxg4 21. Ng3 Nxg3+ 22. hxg3 Nh6 23. b4 cxb3 24. d4 b2 25. Bxb2 Bd6 26. Rae1 Rhe8 27. Kg2 Nf5 28. Kf2 b5 29. Ne3 h5 30. Nxf5 Kxf5 31. Rh1 Rxe1 32. Rxh5+ Ke4 33. Kxe1 b4 34. Kd2 Kf3 35. Kd3 bxc3 36. Bxc3 Kxg3 37. f5 Kf2 38. Bd2 Rf8 39. Rh6 Be7 40. Ke4 g3 41. Be3+ Kf1 42. Rc6 Ba3 43. Rc2 Bb4 44. d5 a5 45. Bd4 Be1 46. d6 Rd8 47. Kd5 g2 48. Rc1 Ke2 49. f6 Bb4 50. Rc6 Kf1 51. f7 g1=Q 52. f8=Q+ Rxf8 53. Rc1+ Ke2 54. Rxg1 Kd3 55. Rg3+ Kc2 56. d7 Kb1 57. a4 Be7 58. Bc5 Rd8 59. Bxe7 Rxd7+ 60. Bd6 Rh7 61. Kc6 Kb2 62. Bc5 Rh5 63. Kb5 Kc2 64. Kc4 Rh4+ 65. Bd4 Rh7 66. Rg2+ Kb1 67. Rg5 Kc2 68. Rxa5 Rc7+ 69. Rc5 Rb7 70. a5 1-0

[Event "EWICC 2019"]
[Site "Antalya"]
[Date "2019.04.19"]
[Round "8.42"]
[White "Motycakova, Monika"]
[Black "Mikadze, Miranda"]
[Result "1/2-1/2"]
[WhiteElo "2174"]
[BlackElo "2266"]
[Annotator "NA"]
[PlyCount "45"]
[EventDate "2019.04.11"]
[EventType "swiss"]
[EventCountry "TUR"]
[SourceTitle "playchess.com"]
[Source "ChessBase"]
[SourceQuality "1"]

1. e4 c6 2. d4 d5 3. Nc3 g6 4. Be3 Bg7 5. Qd2 dxe4 6. Nxe4 Nd7 7. Nf3 Ngf6 8. Nxf6+ Nxf6 9. Bc4 Ne4 10. Qe2 Nd6 11. Bb3 a5 12. a4 Nf5 13. O-O Nxe3 14. fxe3 O-O 15. Rf2 c5 16. c3 Qb6 17. Bc4 Kh8 18. Ng5 f6 19. Nf7+ Kg8 20. Nh6+ Kh8 21. Nf7+ Kg8 22. Nh6+ Kh8 23. Nf7+ 1/2-1/2

[Event "EWICC 2019"]
[Site "Antalya"]
[Date "2019.04.19"]
[Round "8.43"]
[White "Represa Perez, Mireya"]
[Black "Heinemann, Josefine"]
[Result "0-1"]
[WhiteElo "2164"]
[BlackElo "2257"]
[Annotator "NA"]
[PlyCount "121"]
[EventDate "2019.04.11"]
[EventType "swiss"]
[EventCountry "TUR"]
[SourceTitle "playchess.com"]
[Source "ChessBase"]
[SourceQuality "1"]

1. e4 c5 2. Nf3 d6 3. d4 cxd4 4. Qxd4 Nc6 5. Bb5 a6 6. Bxc6+ bxc6 7. O-O e5 8. Qd3 Qc7 9. c4 Nf6 10. Nc3 Be7 11. Bg5 O-O 12. c5 dxc5 13. Na4 Rd8 14. Qc2 Bg4 15. Nd2 Be2 16. Rfe1 Bd3 17. Qc3 c4 18. Bxf6 Bxf6 19. Nxc4 Rd4 20. Ncb6 Rad8 21. Nd5 Qd6 22. Nxf6+ Qxf6 23. Nc5 Rc4 24. Qa5 Rc2 25. Nxd3 Rxd3 26. Rf1 Rdd2 27. Qxa6 g6 28. Qb6 Rxb2 29. Qe3 Re2 30. Qf3 Qxf3 31. gxf3 Rxa2 32. Rxa2 Rxa2 33. Rc1 Ra6 34. Kg2 Kg7 35. Kg3 Kf6 36. f4 exf4+ 37. Kxf4 Ke6 38. h4 h5 39. f3 Kd6 40. Kg5 c5 41. Kf6 Ra7 42. e5+ Kd5 43. e6 fxe6 44. Kxg6 Ra3 45. Rf1 c4 46. Kxh5 c3 47. Kg6 Kd4 48. h5 c2 49. h6 Rxf3 50. Rh1 Rf8 51. Kg7 Rc8 52. h7 e5 53. Kf6 e4 54. Rg1 Rh8 55. Kg7 Rxh7+ 56. Kxh7 e3 57. Kg6 e2 58. Kf5 Ke3 59. Ra1 Kd2 60. Ke4 e1=Q+ 61. Kd4 0-1

[Event "EWICC 2019"]
[Site "Antalya"]
[Date "2019.04.19"]
[Round "8.44"]
[White "Rakhmangulova, Anastasiya"]
[Black "Petrova, Irina"]
[Result "0-1"]
[WhiteElo "2255"]
[BlackElo "2164"]
[Annotator "NA"]
[PlyCount "132"]
[EventDate "2019.04.11"]
[EventType "swiss"]
[EventCountry "TUR"]
[SourceTitle "playchess.com"]
[Source "ChessBase"]
[SourceQuality "1"]

1. Nf3 g6 2. d4 Bg7 3. Bg5 Nf6 4. e3 c5 5. c3 O-O 6. Bd3 d5 7. Nbd2 b6 8. h4 Bg4 9. Qb1 Nbd7 10. Nh2 Be6 11. f4 h6 12. Bxf6 Nxf6 13. h5 Nxh5 14. g4 Ng3 15. Rg1 Ne4 16. Nxe4 dxe4 17. Bxe4 Bd5 18. g5 h5 19. Nf3 Qd6 20. Kf2 Rad8 21. Qd3 cxd4 22. cxd4 Rc8 23. Rgc1 Qe6 24. Bxd5 Qxd5 25. Qd2 Qf5 26. Rxc8 Rxc8 27. Rc1 Qh3 28. Rc3 Rxc3 29. Qxc3 Qg4 30. Qc1 Qh3 31. b3 Qg4 32. a4 Qd7 33. Qf1 Qf5 34. Qb5 Qc2+ 35. Kg3 Qc8 36. Qc4 Qd7 37. Kf2 Kf8 38. Qc2 Qg4 39. Qc7 Kg8 40. Qd8+ Kh7 41. Qxe7 h4 42. Nxh4 Qxh4+ 43. Ke2 Qg4+ 44. Kd2 Qg2+ 45. Kd3 Qd5 46. Kd2 Qg2+ 47. Kd3 Qd5 48. Qb4 Kg8 49. Qc4 Qf5+ 50. Kd2 Bf8 51. Qc6 Bb4+ 52. Ke2 Qg4+ 53. Kf2 Qh4+ 54. Kg2 Qe1 55. Qe8+ Bf8 56. Qe4 Qd1 57. f5 Qe2+ 58. Kh3 Qh5+ 59. Qh4 Qxh4+ 60. Kxh4 gxf5 61. Kg3 Kg7 62. Kf4 Kg6 63. Ke5 Be7 64. d5 Bxg5 65. Kd4 Kf6 66. b4 Ke7 0-1

[Event "EWICC 2019"]
[Site "Antalya"]
[Date "2019.04.19"]
[Round "8.45"]
[White "Narva, Triin"]
[Black "Chernyak, Viktoria"]
[Result "0-1"]
[WhiteElo "2129"]
[BlackElo "2252"]
[Annotator "NA"]
[PlyCount "140"]
[EventDate "2019.04.11"]
[EventType "swiss"]
[EventCountry "TUR"]
[SourceTitle "playchess.com"]
[Source "ChessBase"]
[SourceQuality "1"]

1. e4 c5 2. Nf3 g6 3. c3 d5 4. exd5 Qxd5 5. d4 Bg7 6. Na3 Nf6 7. Bc4 Qe4+ 8. Be3 O-O 9. O-O cxd4 10. Nxd4 Nc6 11. Re1 Qh4 12. Nxc6 bxc6 13. f3 Nd7 14. Qa4 Qf6 15. Rad1 Rb8 16. Bb3 a6 17. Nc4 Rb5 18. Nd2 Rh5 19. Ne4 Qh4 20. h3 Ne5 21. Ng5 Qg3 22. Bf4 Qh4 23. Be3 Qxa4 24. Bxa4 h6 25. Ne4 Be6 26. b3 Rc8 27. Ng3 Rh4 28. Bf2 Rf4 29. Bd4 Nxf3+ 30. gxf3 Bxd4+ 31. Rxd4 Rxf3 32. Kg2 Rxc3 33. Re2 Rc1 34. b4 c5 35. bxc5 R8xc5 36. Rd1 Rxd1 37. Bxd1 Rc3 38. Kh2 Kf8 39. Rb2 a5 40. Bb3 Bd7 41. Rd2 a4 42. Rxd7 axb3 43. axb3 Rxb3 44. Ne4 Re3 45. Nf2 f5 46. Rd5 Kf7 47. Kg2 Kf6 48. Rb5 Ra3 49. Rb6+ e6 50. h4 g5 51. hxg5+ hxg5 52. Nh3 Ra2+ 53. Kg3 Ra3+ 54. Kg2 f4 55. Rb5 e5 56. Nf2 Kf5 57. Rb8 g4 58. Rf8+ Ke6 59. Re8+ Kd5 60. Rd8+ Kc6 61. Re8 Ra2 62. Kf1 Ra1+ 63. Kg2 g3 64. Nd3 Ra2+ 65. Kf1 Kd7 66. Rxe5 f3 67. Nf4 Ra1+ 68. Re1 g2+ 69. Kf2 Rxe1 70. Nh3 Rf1+ 0-1

[Event "EWICC 2019"]
[Site "Antalya"]
[Date "2019.04.19"]
[Round "8.46"]
[White "Rodshtein, Tereza"]
[Black "Zubova, Mariya"]
[Result "0-1"]
[WhiteElo "2234"]
[BlackElo "2149"]
[Annotator "NA"]
[PlyCount "134"]
[EventDate "2019.04.11"]
[EventType "swiss"]
[EventCountry "TUR"]
[SourceTitle "playchess.com"]
[Source "ChessBase"]
[SourceQuality "1"]

1. e4 e5 2. Nf3 Nc6 3. Bc4 Bc5 4. d3 Nf6 5. O-O d6 6. c3 a6 7. Bb3 Ba7 8. h3 h6 9. Be3 O-O 10. Nbd2 Re8 11. Re1 Be6 12. Bc2 d5 13. exd5 Bxd5 14. Bxa7 Rxa7 15. Nf1 Ra8 16. Ng3 Nd7 17. d4 Bxf3 18. Qxf3 exd4 19. Qf5 Nf8 20. Red1 Qh4 21. Ne4 dxc3 22. bxc3 Re5 23. Qf3 Rae8 24. Ng3 g6 25. Rab1 Na5 26. Rb4 Qe7 27. h4 h5 28. Rf4 Ne6 29. Re4 Rxe4 30. Qxe4 Nf8 31. Rd5 Nc6 32. Qf4 Ne6 33. Qh6 Qf8 34. Qd2 Rd8 35. Rxd8 Qxd8 36. Qh6 Qf8 37. Qd2 Kg7 38. Be4 Qd8 39. Qe2 Nf4 40. Qf3 Qxh4 41. Bxc6 bxc6 42. Qxc6 Qg5 43. Qf3 Nd5 44. Ne4 Qc1+ 45. Kh2 Qf4+ 46. Qxf4 Nxf4 47. Nc5 a5 48. c4 Ne6 49. Nd3 Kf6 50. Kg3 Kf5 51. Kf3 g5 52. a4 f6 53. Ke3 h4 54. f3 c6 55. Kf2 g4 56. Ke3 g3 57. f4 Kg4 58. Ke4 h3 59. gxh3+ Kxh3 60. Ne1 g2 61. Nxg2 Kxg2 62. Kf5 Nxf4 63. Kxf4 Kf2 64. c5 Ke2 65. Ke4 Kd2 66. Kf5 Kd3 67. Ke6 f5 0-1

[Event "EWICC 2019"]
[Site "Antalya"]
[Date "2019.04.19"]
[Round "8.47"]
[White "Janzelj, Lara"]
[Black "Soyunlu, Narmin"]
[Result "0-1"]
[WhiteElo "2182"]
[BlackElo "2064"]
[Annotator "NA"]
[PlyCount "99"]
[EventDate "2019.04.11"]
[EventType "swiss"]
[EventCountry "TUR"]
[SourceTitle "playchess.com"]
[Source "ChessBase"]
[SourceQuality "1"]

1. d4 Nf6 2. c4 e6 3. g3 d5 4. Bg2 Be7 5. Nf3 O-O 6. O-O dxc4 7. Qc2 a6 8. a4 Bd7 9. Ne5 Bc6 10. Nxc6 Nxc6 11. e3 Na5 12. Na3 Nb3 13. Rb1 c6 14. Nxc4 Nxc1 15. Rbxc1 a5 16. Qb3 Bb4 17. Rfd1 Qe7 18. e4 Rad8 19. Rd3 h6 20. Qd1 Rd7 21. f4 Rfd8 22. Ne3 Qe8 23. h3 c5 24. d5 exd5 25. exd5 Re7 26. Qf3 Bd2 27. Rxd2 Rxe3 28. Qf2 b6 29. Rcc2 Rd6 30. Kh2 Rb3 31. Rc4 Re3 32. Bf3 Rb3 33. Rc1 Qxa4 34. Bd1 Ne4 35. Qe2 Nxd2 36. Qxd2 Qb4 37. Qe2 Rxb2 38. Bc2 Qa4 39. Bh7+ Kxh7 40. Qxb2 Rxd5 41. Qb1+ g6 42. Rc2 b5 43. h4 b4 44. Rf2 Qd1 45. Qa2 a4 46. f5 gxf5 47. Rg2 a3 48. Qf2 b3 49. g4 a2 50. gxf5 0-1

[Event "EWICC 2019"]
[Site "Antalya"]
[Date "2019.04.19"]
[Round "8.48"]
[White "Pipia, Ekaterine"]
[Black "Sieber, Fiona"]
[Result "0-1"]
[WhiteElo "1936"]
[BlackElo "2310"]
[Annotator "TA"]
[PlyCount "30"]
[EventDate "2019.04.11"]
[EventType "swiss"]
[EventCountry "TUR"]
[SourceTitle "playchess.com"]
[Source "ChessBase"]
[SourceQuality "1"]

1. d4 Nf6 2. c4 g6 3. Nc3 d5 4. Bg5 Ne4 5. Bh4 Nxc3 6. bxc3 dxc4 7. e3 Be6 8. Be2 Nd7 9. Nh3 Bh6 10. Bf3 c6 11. Ng5 Bxg5 12. Bxg5 Qa5 13. Bh6 Qxc3+ 14. Ke2 O-O-O 15. Rb1 Ne5 0-1

[Event "EWICC 2019"]
[Site "Antalya"]
[Date "2019.04.19"]
[Round "8.49"]
[White "Olde, Margareth"]
[Black "Sedina, Elena"]
[Result "1/2-1/2"]
[WhiteElo "2088"]
[BlackElo "2271"]
[Annotator "NA"]
[PlyCount "88"]
[EventDate "2019.04.11"]
[EventType "swiss"]
[EventCountry "TUR"]
[SourceTitle "playchess.com"]
[Source "ChessBase"]
[SourceQuality "1"]

1. d4 d5 2. c4 c6 3. Nf3 Nf6 4. e3 Bf5 5. Nc3 e6 6. Nh4 Be4 7. f3 Bg6 8. Qb3 Qc7 9. Bd2 Be7 10. g3 a6 11. Rc1 dxc4 12. Bxc4 b5 13. Be2 Nbd7 14. Nxg6 hxg6 15. O-O c5 16. dxc5 Bxc5 17. Kg2 Rd8 18. Rfd1 Qa7 19. e4 O-O 20. Bf4 e5 21. Bg5 Bd4 22. Qc2 Rc8 23. Qd2 Nb6 24. Bxf6 gxf6 25. Rc2 Kg7 26. a3 Rfd8 27. Qc1 Bxc3 28. Rxd8 Rxd8 29. Rxc3 Na4 30. Rc7 Qd4 31. b3 Nb2 32. Rc3 Nd1 33. Bxd1 Qxd1 34. Qxd1 Rxd1 35. Rc6 Rd2+ 36. Kh3 Rd3 37. Kg4 a5 38. Ra6 Rxb3 39. Rxa5 b4 40. axb4 Rxb4 41. Kh3 Rb3 42. Kg4 Rb4 43. Kh3 Kh6 44. Ra6 Kg7 1/2-1/2

[Event "EWICC 2019"]
[Site "Antalya"]
[Date "2019.04.19"]
[Round "8.50"]
[White "Kejzar, Petra"]
[Black "Toma, Katarzyna"]
[Result "0-1"]
[WhiteElo "2082"]
[BlackElo "2211"]
[Annotator "NA"]
[PlyCount "101"]
[EventDate "2019.04.11"]
[EventType "swiss"]
[EventCountry "TUR"]
[SourceTitle "playchess.com"]
[Source "ChessBase"]
[SourceQuality "1"]

1. c4 e5 2. Nc3 d6 3. g3 g6 4. Bg2 Bg7 5. e4 Be6 6. d3 Ne7 7. Nge2 c6 8. Bg5 a6 9. O-O O-O 10. Qd2 b5 11. b3 b4 12. Na4 c5 13. Bxe7 Qxe7 14. Nb6 Ra7 15. Nd5 Bxd5 16. exd5 Nd7 17. a3 Rb8 18. a4 a5 19. Rad1 Qf8 20. Qc2 Re8 21. h4 f5 22. Kh2 Nb8 23. Ng1 Rae7 24. Nh3 h6 25. Rde1 Nd7 26. f3 Bf6 27. h5 gxh5 28. Nf2 h4 29. g4 Bg5 30. Bh3 fxg4 31. Bxg4 Nf6 32. Ne4 Nxe4 33. dxe4 Rg7 34. Kh1 Bf4 35. Rd1 Kh8 36. Rg1 Rg5 37. Qf2 Bg3 38. Qe2 Qf6 39. Qe3 Reg8 40. Rdf1 R8g7 41. Bh3 Bf4 42. Qe2 Rg3 43. Bc8 h3 44. Rxg3 Rxg3 45. Rg1 Qh4 46. Rxg3 Qxg3 47. Bg4 Kg7 48. Be6 Kf6 49. Bf5 Kg5 50. Be6 h2 51. Qg2 0-1